000 00569nam a2200205Ii 4500
003 JO-AjNU
008 230606s9999||||xx |||||||||||||| ||und||
020 _a978-1-4614-9637-3
040 _aJO-AjNU
_beng
_erda
_cJO-AjNU
041 _aeng
050 1 4 _aQA299.6.P66.2014
100 3 _aPons,Mattgew,
_eauthor
_94645
245 0 0 _aReal Analysis For the Undergraduate
264 3 1 _aSpringer,2014
300 _a409p
336 _atext
_btxt
_2rdacontent
337 _aunmediated
_bn
_2rdamedia
338 _avolume
_bnc
_2rdacarrier
650 4 _a Mathematics. 
_94646
999 _aE2408
_c2406
_d2406